Who Monographs on selected medicinal plants, Vol-2 (Record no. 876970)

MARC details
000 -LEADER
fixed length control field 00350nam a2200133Ia 4500
008 - FIXED-LENGTH DATA ELEMENTS--GENERAL INFORMATION
fixed length control field 230922s1999 xx 000 0 und d
020 ## - INTERNATIONAL STANDARD BOOK NUMBER
International Standard Book Number 9241545372
041 ## - LANGUAGE CODE
Language code of text/sound track or separate title eng
082 ## - DEWEY DECIMAL CLASSIFICATION NUMBER
Classification number 615.321
Item number WHO
100 ## - MAIN ENTRY--PERSONAL NAME
Personal name WHO
245 ## - TITLE STATEMENT
Title Who Monographs on selected medicinal plants, Vol-2
260 ## - PUBLICATION, DISTRIBUTION, ETC.
Name of publisher, distributor, etc. World Health Organization, Geneva
Date of publication, distribution, etc. 1999
300 ## - PHYSICAL DESCRIPTION
Extent 356p
Holdings
Withdrawn status Lost status Damaged status Not for loan Collection Home library Current library Date acquired Source of acquisition Cost, normal purchase price Total Checkouts Full call number Barcode Date last seen Price effective from Koha item type
        PCP Poona College of Pharmacy, Pune Poona College of Pharmacy, Pune 30/03/2023 Bharati Madhyavarti Sahakari Grahak Bhandar, LTD. Pune 1800.00   615.321 WHO PCP-PHRD-8219 22/09/2023 22/09/2023 Book